000 00483nam a22001457a 4500
003 IT-RoPau
005 20220918181106.0
008 130524b xxu||||| |||| 00| 0 eng d
040 _cIT-RoPau
245 _aMio canto è il Signore.
_bCanti per le musiche della FP, Musiche per l'accompagnamento d'organo
260 _aRoma
_bSSP Comunità Juniores
_c1985
300 _aS.n.p
_c31 cm
520 _aIndice Parti proprie della S. Messa Liturgia delle Ore Altri canti
942 _2ddc
_cBK
999 _c98604
_d98604